Complete the Book Title (Roald Dahl) - Statistics

General Stats
  • This quiz has been taken 104 times
  • The average score is 8 of 10
Answer Stats
Novel % Correct
Charlie and the Chocolate {Factory}
100%
Fantastic Mr {Fox}
100%
James and the Giant {Peach}
100%
Charlie and the Great Glass {Elevator}
93%
Danny, the Champion of the {World}
86%
George's Marvellous {Medicine}
75%
Esio {Trot}
71%
The Giraffe and the Pelly and {Me}
63%
The Magic {Finger}
59%
The Enormous {Crocodile}
49%
No matching quizzes found
Score Distribution
Percent of People with Each Score
Percentile by Number Answered
Your Score History
You have not taken this quiz